سب رس : ىعنى قصۂ حسن و دل / Sab ras : yaʻnī qiṣṣah-yi ḥusn o dil (Record no. 80636)
[ view plain ]
| 000 -LEADER | |
|---|---|
| fixed length control field | 00779nas a22002173i 4500 |
| 001 - CONTROL NUMBER | |
| control field | 80636 |
| 003 - CONTROL NUMBER IDENTIFIER | |
| rucl marc code | BD-RjUL |
| 005 - DATE AND TIME OF LATEST TRANSACTION | |
| control field | 20221027093952.0 |
| 008 - FIXED-LENGTH DATA ELEMENTS--GENERAL INFORMATION | |
| fixed length control field | 221027u1978uuuupk mr p 0 0urd d |
| 035 ## - SYSTEM CONTROL NUMBER | |
| System control number | (BD-RjUL)80636 |
| 040 ## - CATALOGING SOURCE | |
| Original cataloging agency | UkOxU |
| Language of cataloging | eng |
| Description conventions | rda |
| Transcribing agency | UkOxU |
| 041 ## - LANGUAGE CODE | |
| Language code of text/sound track or separate title | urd |
| 082 ## - DEWEY DECIMAL CLASSIFICATION NUMBER | |
| Edition number | 23 |
| Classification number | 297.18 |
| Author mark and year | MUS 1978 |
| 100 ## - MAIN ENTRY--PERSONAL NAME | |
| Personal name | Mullā Vajhī # # ملّا وجهى |
| 9 (RLIN) | 5519 |
| 245 00 - TITLE STATEMENT | |
| Title | سب رس : ىعنى قصۂ حسن و دل / Sab ras : yaʻnī qiṣṣah-yi ḥusn o dil |
| Statement of responsibility, etc. | تصنف ملّا وجهى ## .taṣannif Mullā Vajhī |
| 264 #1 - PRODUCTION, PUBLICATION, DISTRIBUTION, MANUFACTURE, AND COPYRIGHT NOTICE | |
| Place of production, publication, distribution, manufacture | Lahore, Pākistān : |
| Name of producer, publisher, distributor, manufacturer | Ashrat Pab.,, |
| Date of production, publication, distribution, manufacture, or copyright notice | [1978]- |
| 300 ## - PHYSICAL DESCRIPTION | |
| Pagination | 239 p. ; ; |
| Size | 23 cm |
| 588 ## - SOURCE OF DESCRIPTION NOTE | |
| Source of description note | Description based on: Jild 5 shumārah 4,5 (Mārc - Aprīl 1982) |
| 650 ## - SUBJECT ADDED ENTRY--TOPICAL TERM | |
| Topical term or geographic name as entry element | [Urdu Literature] |
| Form subdivision | Story |
| General subdivision | Islam |
| 9 (RLIN) | 5520 |
| 942 ## - ADDED ENTRY ELEMENTS (KOHA) | |
| Source of classification or shelving scheme | Dewey Decimal Classification |
| Koha item type | Books |
| Lost status | Source of classification or shelving scheme | Damaged status | Not for loan | Collection code | Permanent Location | Current Location | Shelving location | Date acquired | Total Checkouts | Full call number | Date last seen | Copy number | Koha item type |
|---|---|---|---|---|---|---|---|---|---|---|---|---|---|
| Dewey Decimal Classification | Not For Loan | Non-fiction | Central Library, University of Rajshahi | Central Library, University of Rajshahi | Reading Room | 27/10/2022 | U 297.18 MUS 1978 | 27/10/2022 | C-1 | Books | |||
| Dewey Decimal Classification | Non-fiction | Central Library, University of Rajshahi | Central Library, University of Rajshahi | General Stacks | 03/09/2025 | U 297.18 MUS 1978 | 03/09/2025 | C-2 | Books | ||||
| Dewey Decimal Classification | Non-fiction | Central Library, University of Rajshahi | Central Library, University of Rajshahi | General Stacks | 07/10/2025 | 297.18 MUS 1978 | 07/10/2025 | C-3 | Books |